Statistiques concernant Formes des pays méditerranéens - une minute sprint

Cliquez ici pour prendre le quiz!

Statistiques générales

  • Ce quiz a été pris 109 fois
  • Le résultat moyen est 14 sur 21

Statistiques - réponses

pays% Correct
Espagne
99%
France
99%
Italie
94%
Grèce
90%
Égypte
88%
Croatie
86%
Turquie
86%
Maroc
83%
Libye
81%
Israël
77%
Chypre
68%
Algérie
59%
Tunisie
59%
Syrie
54%
Monaco
52%
Bosnie-Herzégovine
49%
Albanie
47%
Liban
44%
Malte
40%
Monténégro
31%
Slovénie
31%

Distribution des résultats

Percentile par nombre de réponses

% des personnes avec chaque résultat

Votre développement - résultats

Vous n’avez pas pris ce quiz